Loading...
Market relations
| Main Author: | |
|---|---|
| Format: | Printed Book |
| Published: |
Pitman Publishing: London
1996
|
| Subjects: |
| LEADER | 00552nam a2200193 4500 | ||
|---|---|---|---|
| 020 | |a 027362203X |c 295 | ||
| 082 | |a 658.8 BUT | ||
| 100 | |a Butler, James | ||
| 245 | |a Market relations |c Butler, James | ||
| 250 | |||
| 260 | |a Pitman Publishing: London |c 1996 | ||
| 300 | |a 233 p | ||
| 490 | |||
| 500 | |||
| 590 | |a Modern book Centre |b WCD2082/03;22/01/04 | ||
| 650 | |a Marketing management | ||
| 942 | |c BK | ||
| 999 | |c 137705 |d 137705 | ||
| 952 | |0 0 |1 0 |4 0 |6 658_800000000000000_BUT |7 0 |9 151165 |a IMK |b IMK |g 295.00 |l 0 |o 658.8 BUT |p IMK04711 |r 2019-10-25 |w 2019-10-25 |y BK | ||